| 000 | 00649nam a22002177a 4500 | ||
|---|---|---|---|
| 999 |
_c23245 _d23245 |
||
| 003 | Nust | ||
| 005 | 20190925163944.0 | ||
| 008 | 170330b xxu||||| |||| 00| 0 eng d | ||
| 020 | _a0471815551 | ||
| 038 | _aNusrat Nadeem | ||
| 040 |
_aDLC _bDLC _cRCMS |
||
| 082 | _a621.38224 SHA | ||
| 100 |
_aK.SAM SHANMUGAN _9207 |
||
| 245 |
_aRANDOM SIGNALS _bDetection Estimation And Data Analysis |
||
| 260 |
_aUSA _bJOHN WILEY & SONS _cc1988 |
||
| 300 |
_axiv,663,p: _bill: _c25,cm. |
||
| 538 | _iSupercomputing Lab | ||
| 650 |
_aElectrical Engineering _9208 |
||
| 856 | _3Table of Content Only | ||
| 942 |
_cBK _2ddc _h621.38224 SHA |
||